5HLuxD.jpg

KING HENRY VIII SENIOR AND PRIMARY SCHOOL LIBRARY OPAC

Chronicle of Malaysia : (Record no. 632)

000 -LEADER
fixed length control field 01178cam a2200361 i 4500
001 - CONTROL NUMBER
control field 6450051
003 - CONTROL NUMBER IDENTIFIER
control field OSt
005 - DATE AND TIME OF LATEST TRANSACTION
control field 20190904152555.0
008 - FIXED-LENGTH DATA ELEMENTS--GENERAL INFORMATION
fixed length control field 131223t20132013si abc 001 0 eng d
020 ## - INTERNATIONAL STANDARD BOOK NUMBER
International Standard Book Number 9789671061749
020 ## - INTERNATIONAL STANDARD BOOK NUMBER
International Standard Book Number 9671061745
035 ## - SYSTEM CONTROL NUMBER
System control number (OCoLC)866621446
035 ## - SYSTEM CONTROL NUMBER
System control number 6450051
040 ## - CATALOGING SOURCE
Original cataloging agency YDXCP
Language of cataloging eng
Description conventions rda
Transcribing agency YDXCP
Modifying agency SINLB
-- OCLCO
-- ANL
043 ## - GEOGRAPHIC AREA CODE
Geographic area code a-my---
082 04 - DEWEY DECIMAL CLASSIFICATION NUMBER
Classification number 070 CHR
Edition number 23
245 00 - TITLE STATEMENT
Title Chronicle of Malaysia :
Remainder of title 1963-2013 : fifty years of headline news /
Statement of responsibility, etc. editor-in-chief, Philip Mathews.
246 ## - VARYING FORM OF TITLE
Title proper/short title Chronicle of Malaysia :
Remainder of title 1963-2013 : 50 years of headline news /
250 ## - EDITION STATEMENT
Edition statement New revised and updated edition.
264 #1 - PRODUCTION, PUBLICATION, DISTRIBUTION, MANUFACTURE, AND COPYRIGHT NOTICE
Place of production, publication, distribution, manufacture Singapore :
Name of producer, publisher, distributor, manufacturer Editions Didier Millet Pte Ltd,
Date of production, publication, distribution, manufacture, or copyright notice 2013.
264 #4 - PRODUCTION, PUBLICATION, DISTRIBUTION, MANUFACTURE, AND COPYRIGHT NOTICE
Date of production, publication, distribution, manufacture, or copyright notice 2013
300 ## - PHYSICAL DESCRIPTION
Extent 384 pages :
Other physical details illustrations (some color), maps, portraits ;
Dimensions 27 x 29 cm
336 ## - CONTENT TYPE
Content type term text
Source rdacontent
336 ## - CONTENT TYPE
Content type term still image
Source rdacontent
337 ## - MEDIA TYPE
Media type term unmediated
Source rdamedia
338 ## - CARRIER TYPE
Carrier type term volume
Source rdacarrier
500 ## - GENERAL NOTE
General note Includes index.
650 #0 - SUBJECT ADDED ENTRY--TOPICAL TERM
Topical term or geographic name entry element Newspapers
General subdivision Headlines.
651 #0 - SUBJECT ADDED ENTRY--GEOGRAPHIC NAME
Geographic name Malaysia
General subdivision History.
651 #0 - SUBJECT ADDED ENTRY--GEOGRAPHIC NAME
Geographic name Malaysia
General subdivision Press coverage.
700 1# - ADDED ENTRY--PERSONAL NAME
Personal name Mathews, Philip,
Relator term editor.
942 ## - ADDED ENTRY ELEMENTS (KOHA)
Source of classification or shelving scheme
Koha item type Books - Non Ficton
Holdings
Withdrawn status Lost status Source of classification or shelving scheme Damaged status Not for loan Collection code Permanent Location Current Location Shelving location Date acquired Total Checkouts Full call number Barcode Date last seen Date last checked out Price effective from Koha item type
          Non-Fiction KH8 Senior School Library KH8 Senior School Library Non Fiction 2019-09-04 1 070 CHR 3KHSL000101345 2024-06-20 2024-06-12 2019-09-04 Books - Non Ficton

Powered By KH8 IT Dept